Buy to let is now the prime source of rental property (Record no. 75248)

MARC details
000 -LEADER
fixed length control field 01446cab a2200181 4500
001 - CONTROL NUMBER
control field L129753
008 - FIXED-LENGTH DATA ELEMENTS--GENERAL INFORMATION
fixed length control field 050518n2005 000 0 eng u
035 ## - SYSTEM CONTROL NUMBER
System control number (Sirsi) u129753
041 ## - LANGUAGE CODE
Language code of text/sound track or separate title eng
245 ## - TITLE STATEMENT
Title Buy to let is now the prime source of rental property
260 ## - PUBLICATION, DISTRIBUTION, ETC.
Date of publication, distribution, etc. 2005
490 ## - SERIES STATEMENT
Series statement Agreement
Volume/sequential designation 12(2) April 2005, 12-13(2)
520 ## - SUMMARY, ETC.
Summary, etc. Discusses the results of recent research by the Association of Residential Letting Agents (ARLA), surveying member firms on the sources of rental property and the types and lengths of tenancies. Key findings are: the average length of tenancies is 15 months with the majority of them arranged as assured shorthold tenancies; 44.2% of tenants stay in the same property for between 13 and 18 months; buy to let investments constitute nearly 60% of all properties coming to the rental market; and landlords letting their own homes supply over 25% of the properties coming on the market with only 10% belonging to corporate landlords. Also comments on the latest quarterly survey of ARLA letting agents, Paragon Mortgages report on rents and yields and the Council of Mortgage Lenders' figures on the number of buy to let landlords unable to meet their mortgage payments.
590 ## - LOCAL NOTE (RLIN)
Local note IKA190505
690 ## - LOCAL SUBJECT ADDED ENTRY--TOPICAL TERM (OCLC, RLIN)
Topical term or geographic name as entry element PROPERTY-RESIDENTIAL PROPERTY-RESIDENTIAL LANDLORD AND TENANT
856 ## - ELECTRONIC LOCATION AND ACCESS
Uniform Resource Identifier <a href="https://www.arla.co.uk/news/08032005.htm">https://www.arla.co.uk/news/08032005.htm</a>
Public note View the ARLA report free of charge at www.arla.co.uk...
942 ## - ADDED ENTRY ELEMENTS (KOHA)
Suppress in OPAC 0
Holdings
Withdrawn status Lost status Source of classification or shelving scheme Damaged status Not for loan Home library Current library Shelving location Date acquired Total Checkouts Full call number Barcode Date last seen Copy number Price effective from Koha item type
    Dewey Decimal Classification     London London Journal article 18/05/2005   L129753 129753-1001 06/08/2019 1 06/08/2019 Journal article